Estatísticas para Top 4 Colocados das Copa do Mundo da FIFA

Clique aqui para jogar o quiz

Estatísticas Gerais

  • Esse quiz foi jogado 6 408 vezes
    (4 747 desde o último reset)
  • A pontuação média é 21 de 25

Estatísticas das Respostas

País% Correto
Brasil
100%
Alemanha
99%
Alemanha Ocidental
99%
França
99%
Argentina
98%
Itália
97%
Espanha
97%
Uruguai
95%
Inglaterra
94%
Países Baixos
93%
Croácia
93%
Portugal
92%
Bélgica
92%
União Soviética
90%
Suécia
86%
Chile
84%
Estados Unidos
81%
Coreia do Sul
76%
Hungria
70%
Turquia
70%
Polônia
69%
Áustria
60%
Bulgária
57%
Iugoslávia
54%
Tchecoslováquia
53%

Distribuição das Pontuações

Percentil de Números Respondidos

Porcentagem de Pessoas com Cada Pontuação

Sua Pontuação Histórica

Você não jogou esse quiz desde o último reset